000 00864nam a22002777a 4500
005 20230512223048.0
008 190426t xxu||||| |||| 00| 0 eng d
020 _a9781284092127
040 _cCSPC
082 0 _a005.3
_bF844a
100 _aFranceschi, Herve J.,
_eauthor.
245 0 0 _aAndroid app development
_cHerve J. Franceschi
260 _aMassachusetts:
_bJones Bartlett Learning ,
_c2018.
300 _axv, 681 pages:
_bfigures, tables;
_c23 cm.
336 _2rdacontent
_atext
337 _2rdamedia
_aunmediated
338 _2rdacarrier
_avolume
500 _aIncludes index.
650 1 0 _aAndroid (Electronic resource).
650 1 0 _aMobile computing.
650 1 0 _aApplication software
_vDevelopment.
940 _aLenie
942 _cBOOK
_jCIR 005.3 F844a 2018
999 _c7958
_d7958